000
00214 a2200097 4500
001
26572
100
_a
Boottacini M.R
245
_a
Instrument and measurement
260
_a
_b
Merrill
_c
1975
090
_c
17869
_d
17869
942
_a
NUST-CAE
_c
M
_c
8745
999
_c
261645
_d
261645